Statistics for All Tropical rainforest countries

Click here to take the quiz!

General Stats

  • This quiz has been taken 234 times
  • The average score is 54 of 63

Answer Stats

ContinentCountry% Correct
South AmericaBrazil
97%
North AmericaMexico
97%
South AmericaGuyana
96%
South AmericaPeru
96%
North AmericaPanama
95%
South AmericaSuriname
95%
South AmericaColombia
94%
South AmericaEcuador
94%
South AmericaVenezuela
94%
South AmericaBolivia
93%
North AmericaCosta Rica
93%
North AmericaHonduras
93%
North AmericaUnited States of America
93%
North AmericaBelize
92%
AfricaDemocratic Republic of the Congo
92%
North AmericaNicaragua
92%
AfricaRepublic of the Congo
92%
AsiaIndia
91%
AsiaIndonesia
91%
North AmericaJamaica
91%
AsiaVietnam
91%
AsiaCambodia
90%
North AmericaGuatemala
90%
AsiaThailand
89%
OceaniaAustralia
88%
North AmericaEl Salvador
88%
AfricaKenya
88%
AsiaMalaysia
88%
AfricaTanzania
88%
OceaniaFiji
87%
AfricaNigeria
87%
OceaniaTonga
87%
AfricaGabon
86%
AfricaMadagascar
86%
OceaniaPalau
86%
OceaniaSamoa
86%
OceaniaTuvalu
86%
AfricaUganda
86%
AsiaBrunei
85%
AfricaCameroon
85%
OceaniaKiribati
85%
OceaniaPapua New Guinea
85%
OceaniaSolomon Islands
85%
AsiaSri Lanka
85%
OceaniaNauru
84%
OceaniaFederated States of Micronesia
83%
OceaniaMarshall Islands
83%
OceaniaVanuatu
83%
North AmericaDominican Republic
82%
AfricaSeychelles
82%
AfricaEquatorial Guinea
80%
AfricaLiberia
80%
AsiaMaldives
80%
AsiaSingapore
80%
AfricaMauritius
79%
South AmericaFrench Guiana (france)
78%
AsiaPhilippines
78%
AfricaComoros
77%
AfricaSao Tome and Principe
76%
North AmericaAntigua and Barbuda
75%
AfricaIvory Coast
75%
AfricaSierra Leone
74%
North AmericaSt. Kitts and Nevis
63%

Score Distribution

Percentile by Number Answered

Percent of People with Each Score

Your Score History

You have not taken this quiz